| 000 | 00927cad a22002175a 4500 | ||
|---|---|---|---|
| 001 | L153690 | ||
| 008 | 110817s2011 xxk f 000 0 eng d | ||
| 035 | _a(Sirsi) u153693 | ||
| 041 | 0 | _aeng | |
| 050 | 0 | 4 | _a346.41043 $2 18 |
| 110 | 2 |
_aUnited Kingdom _bLand Registry _94774 |
|
| 245 | 0 | 0 |
_aOfficial searches of the index of relating franchises and manors _h[electronic resource] |
| 260 |
_a[S.l] _bLand Registry _c2010 |
||
| 490 |
_aLand Registry Practice Guide _v(13) |
||
| 520 | _aOutlines details of information held in the index of relating franchises and manors held by Land Registry. | ||
| 650 | 2 | 4 | _aLAND REGISTRATION ACT 2002 |
| 651 | 4 |
_aEngland and Wales _y1543- |
|
| 690 | _aPROPERTY-PROPERTY ACQUISITION AND DISPOSAL-REGISTRATION OF TITLE TO PROPERTY-LAND REGISTRATION | ||
| 856 | 4 | 0 |
_uhttps://www.landreg.gov.uk/upload/documents/pg13.html _zView this document free of charge at www.landreg.gov.uk |
| 942 | _n0 | ||
| 999 |
_c112650 _d112650 |
||